=LDR 00000nam 2200000 4500 =001 INLIS000000000000322 =005 20150309091714.0 =006 =007 =008 Ind =035 ##$$0010-061300000000322 =041 ##$$a Ind =082 ##$$a 613.71 =090 ##$$a 613.71 Nag m =100 ##$$a NAGAI, Haruka =245 ##$$a Makko ho : latihan kesegaran jasmani ala Jepang / Haruka Nagai =260 ##$$a Bandung $b Pionir Jaya $c 1993 =300 ##$$a viii, 92 hlm. : ilus. ; 21 cm =650 ##$$a Aerobik =850 ##$$a NBPNMAT